Every A City in the World - Statistics

General Stats
  • This quiz has been taken 7 times
    3 since last reset
  • The average score is 32 of 161
Answer Stats
Answer Tier % Correct
London A
100%
New York City A+
100%
Amsterdam A-
67%
Beijing A+
67%
Brussels A-/B+
67%
Chicago A
67%
Delhi A+
67%
Hong Kong A
67%
Istanbul A
67%
Kolkata A
67%
Los Angeles A
67%
Madrid A
67%
Mexico City A+
67%
Moscow A+
67%
Paris A
67%
Rio de Janeiro A
67%
Rome A-
67%
San Francisco A-
67%
Seoul A
67%
Shanghai A+
67%
Singapore A
67%
Sydney A
67%
Taipei A
67%
Tokyo A+
67%
Washington D.C A
67%
Zurich A-/B+
67%
Atlanta A-
33%
Bangalore A
33%
Bangkok A
33%
Barcelona A
33%
Berlin A
33%
Boston A-
33%
Brasilia A-/B+
33%
Buenos Aires A
33%
Cairo A+
33%
Caracas A-
33%
Chengdu A
33%
Chennai A
33%
Chongqing A+
33%
Dallas A-
33%
Dubai A
33%
Frankfurt A-/B+
33%
Hangzhou A
33%
Hanoi A-
33%
Ho Chi Minh City A
33%
Jakarta A+
33%
Khartoum A-/B+
33%
Kuala Lumpur A-
33%
Lagos A+
33%
Lima A
33%
Melbourne A-
33%
Miami A
33%
Milan A
33%
Mumbai A+
33%
Osaka A
33%
Qingdao A-/B+
33%
Riyadh A-
33%
Santiago de Chile A-
33%
Sao Paulo A+
33%
Seattle A-
33%
St Petersburg A
33%
Tehran A
33%
Tianjin A
33%
Toronto A
33%
Vienna A-
33%
Warsaw A-/B+
33%
Wuhan A
33%
Abidjan A-
0%
Accra A-
0%
Addis Ababa A-
0%
Agra A-/B+
0%
Ahmedabad A-
0%
Alexandria A-
0%
Almaty A-/B+
0%
Amman A-/B+
0%
Ankara A-
0%
Baghdad A-
0%
Baku A-/B+
0%
Bandung A-
0%
Belo Horizonte A-
0%
Bhopal A-/B+
0%
Bogota A
0%
Busan A-/B+
0%
Cape Town A-
0%
Casablanca A-/B+
0%
Cebu City A-/B+
0%
Changsha A
0%
Chittagong A-
0%
Colombo A-/B+
0%
Dar es Salaam A-
0%
Denver A-
0%
Detroit A-/B+
0%
Dhaka A+
0%
Faisalabad A-
0%
Fuzhou A-/B+
0%
Guadalajara A-
0%
Guangzhou A+
0%
Guayaquil A-/B+
0%
Hamburg A-
0%
Harbin A-/B+
0%
Hefei A-
0%
Houston A-
0%
Hyderabad A
0%
Ibadan A-/B+
0%
Indore A-/B+
0%
Isfahan A-/B+
0%
Jaipur A-
0%
Jeddah A-/B+
0%
Jinan A-/B+
0%
Johannesburg A
0%
Kampala A-/B+
0%
Kano A-
0%
Kanpur A-
0%
Karachi A+
0%
Kinshasa A
0%
Kyiv A-/B+
0%
Kyoto A-/B+
0%
Lahore A
0%
Luanda A
0%
Lucknow A-
0%
Manila A+
0%
Medan A-/B+
0%
Medellin A-/B+
0%
Minneapolis A-/B+
0%
Monterrey A-/B+
0%
Montreal A-
0%
Munich A-/B+
0%
Nagoya A
0%
Nagpur A-/B+
0%
Nairobi A-
0%
Nanchang A-/B+
0%
Nanjing A
0%
Nanning A-/B+
0%
Ningbo A-/B+
0%
Orlando A-/B+
0%
Patna A-/B+
0%
Philadelphia A-
0%
Phoenix A-
0%
Pune A-
0%
Quezon City A-/B+
0%
Salvador A-/B+
0%
San Diego A-/B+
0%
Sapporo A-/B+
0%
Semarang A-/B+
0%
Shantou A-/B+
0%
Shenyang A-
0%
Shenzhen A
0%
Shijiazhuang A-
0%
Stockholm A-/B+
0%
Surabaya A-
0%
Surat A-
0%
Suzhou A-/B+
0%
Taiyuan A-/B+
0%
Tampa A-/B+
0%
Tashkent A-/B+
0%
Tel-Aviv A-/B+
0%
Vancouver A-/B+
0%
Xiamen A
0%
Xian A
0%
Yangon A-
0%
Zhengzhou A
0%
No matching quizzes found
Score Distribution
Percent of People with Each Score
Percentile by Number Answered
Your Score History
You have not taken this quiz since the last reset